00328 a2200157 4500250001700000245006200017100001700079260000900096300001100105035000900116035000900125035000900134035000900143035000900152035000900161 a2ème éd. aEléments de biologie humaine, embryologie et histologie aCzyba, J. C. c1968 a249 p. a3252 a3604 a3605 a3606 a3607 a3608